Movement

Bibliographic Details
Main Author: Maslina Ramli
Format: Book
Published: Kuala Lumpur : Ekspres Publisher , 2004
Series:Fun with science
Subjects:

MARC

LEADER 00000cam a2200000 7i4500
001 0000006801
005 20151222.0
008 070821
020 |a 9831281454 
090 0 0 |a JF   |b SC ENG (7564) 
100 0 |a Maslina Ramli 
245 1 0 |a Movement   |c Maslina Ramli 
260 |a Kuala Lumpur :   |b Ekspres Publisher ,   |c 2004 
440 0 |a Fun with science 
500 |a Children ages 7-9 years old (orange) 
650 0 |a Science   |x Juvenile literature 
999 |a 0000900315   |b Book   |c Children Collection   |e Cawangan Bandar Penawar 
999 |a 0000900316   |b Book   |c Children Collection   |e Cawangan Bandar Penawar 
999 |a 0000900319   |b Book   |c Children Collection   |e Cawangan Pontian 
999 |a 0000900320   |b Book   |c Children Collection   |e Cawangan Pontian 
999 |a 0000986883   |b Book   |c Children Collection   |e Perbadanan Perpustakaan Awam Johor 
999 |a 0000986885   |b Book   |c Children Collection   |e Perbadanan Perpustakaan Awam Johor 
999 |a 0000986886   |b Book   |c Children Collection   |e Perbadanan Perpustakaan Awam Johor 
999 |a 0000987481   |b Book   |c Children Collection   |e Cawangan Pontian 
999 |a 0000987483   |b Book   |c Children Collection   |e Cawangan Bandar Penawar